MAELEOD'S CLINICAL EXAMINATION (Record no. 22880)

MARC details
000 -LEADER
fixed length control field 00401nam a22001697a 4500
003 - CONTROL NUMBER IDENTIFIER
control field SGT
020 ## - INTERNATIONAL STANDARD BOOK NUMBER
International Standard Book Number 9780702069925
082 ## - DEWEY DECIMAL CLASSIFICATION NUMBER
Classification number 616.075
Item number M18I
100 ## - MAIN ENTRY--PERSONAL NAME
Personal name INNES, J ALASTAIR. ed.
245 ## - TITLE STATEMENT
Title MAELEOD'S CLINICAL EXAMINATION
250 ## - EDITION STATEMENT
Edition statement 14TH
260 ## - PUBLICATION, DISTRIBUTION, ETC. (IMPRINT)
Place of publication, distribution, etc NEW DELHI
Name of publisher, distributor, etc ELSEVIER
Year of Publication 2018
300 ## - PAGE DESCRIPTION
No. of Pages 383
650 ## - SUBJECT ADDED ENTRY--TOPICAL TERM
Topical term or geographic name as entry element CLINICAL MEDICINE
653 ## - KEYWORDS--INDEX TERM
Keyword term CLINICAL, EXAMINATION
942 ## - ADDED ENTRY ELEMENTS (KOHA)
Source of classification or shelving scheme Dewey Decimal Classification
Koha item type Books
942 ## - ADDED ENTRY ELEMENTS (KOHA)
-- 6
Holdings
Withdrawn status Lost status Source of classification or shelving scheme Damaged status Use restrictions Not for loan Collection code Home library Current library Shelving location Date acquired Vendor Name Cost, normal purchase price SGTU Bill Number Total Checkouts Full call number Accession No. (Barcode) Date last seen Date last borrowed Bill Date Koha item type
    Dewey Decimal Classification   Restricted Access   AYURVEDA SGT FA-FP Library SGT FA-FP Library Reference Book 20/06/2022 AHUJA PUBLICATION 1900.00 SGTU 14473 6 616.075 M18I FA11364 06/05/2025 21/02/2025 19/05/2022 Books